[Event "Tseshkovsky Mem 2014"]
[Site "Sochi RUS"]
[Date "2014.09.23"]
[Round "7.19"]
[White "Lugovskoy, Maxim"]
[Black "Gubernatorov, Sergey"]
[Result "1-0"]
[WhiteTitle "IM"]
[BlackTitle "FM"]
[WhiteElo "2390"]
[BlackElo "2283"]
[WhiteFideId "24126454"]
[BlackFideId "4148215"]
[EventDate "2014.09.17"]

1. e4 c5 2. Nf3 g6 3. d4 cxd4 4. Qxd4 Nf6 5. e5 Nc6 6. Qa4 Nd5 7. Qe4 Nb6 8. Nc3
Bg7 9. Bf4 d5 10. exd6 O-O 11. O-O-O Bxc3 12. bxc3 Bf5 13. dxe7 Qxd1+ 14. Kxd1
Bxe4 15. exf8=R+ Rxf8 16. Bd3 Na4 17. Kd2 Rd8 18. Re1 f5 19. Re3 Nb2 20. Ke2 Bd5
21. Ne5 Nxe5 22. Rxe5 Nxd3 23. cxd3 Bxa2 24. Re7 Bd5 25. Be5 a5 26. c4 Kf8 27.
Rc7 Re8 28. d4 Bxg2 29. Rxh7 g5 30. f3 g4 31. f4 a4 32. Kf2 Be4 33. d5 Bd3 34.
d6 1-0

[Event "Tseshkovsky Mem 2014"]
[Site "Sochi RUS"]
[Date "2014.09.23"]
[Round "7.20"]
[White "Smirnov, Timofey"]
[Black "Ivanov, Mikhail M"]
[Result "1/2-1/2"]
[BlackTitle "GM"]
[WhiteElo "2269"]
[BlackElo "2366"]
[WhiteFideId "24176427"]
[BlackFideId "4114906"]
[EventDate "2014.09.17"]

1. e4 e5 2. Nf3 Nc6 3. Bb5 a6 4. Ba4 d6 5. c3 Bd7 6. O-O g6 7. d4 Bg7 8. Bg5 Nf6
9. dxe5 dxe5 10. Nbd2 h6 11. Bh4 Qe7 12. Re1 O-O 13. Nf1 b5 14. Bc2 Be6 15. Ne3
Qc5 16. Bxf6 Bxf6 17. Nd5 Bd8 18. Qd2 Kg7 19. Rad1 Bg4 20. b4 Qa7 21. Qe2 Bg5
22. h3 Bxf3 23. Qxf3 Rad8 24. g3 Rd6 25. h4 Bd8 26. Qg4 a5 27. a3 Ne7 28. Ne3 h5
29. Qf3 axb4 30. axb4 Rxd1 31. Rxd1 c6 32. Rd6 Bb6 33. Qf6+ Kh7 34. Nd1 Ng8 35.
Qf3 Qc7 36. Rd2 Kg7 37. Bb3 Nf6 38. Nb2 Rd8 39. Rxd8 Qxd8 40. Nd3 Qe7 41. Kg2
Ng4 42. Qe2 Qd6 43. Bd1 Qe7 44. Qa2 Qd7 45. Qc2 Qe6 46. Bxg4 hxg4 47. Nc1 Qc4
48. Qd3 Qxd3 49. Nxd3 Kf6 50. f3 gxf3+ 51. Kxf3 Ke6 52. Ne1 f6 53. Nc2 Kf7 54.
Na3 Bd8 55. c4 bxc4 56. Nxc4 Be7 57. Na5 Bxb4 58. Nxc6 Bc5 59. g4 Bf8 60. h5 Bh6
61. hxg6+ Kxg6 62. Ne7+ Kg5 63. Kg3 Bf8 64. Nf5 Bb4 65. Ng7 Be1+ 66. Kf3 Kg6 67.
Ne6 Kf7 68. Nc7 Kg6 69. Nd5 Kg7 70. Ne7 Bb4 71. Nf5+ 1/2-1/2

[Event "Tseshkovsky Mem 2014"]
[Site "Sochi RUS"]
[Date "2014.09.23"]
[Round "7.21"]
[White "Birjukov, Sergey"]
[Black "Dmitrenko, Viktor"]
[Result "0-1"]
[WhiteTitle "FM"]
[BlackTitle "IM"]
[WhiteElo "2175"]
[BlackElo "2357"]
[WhiteFideId "4106555"]
[BlackFideId "14110270"]
[EventDate "2014.09.17"]

1. d4 g6 2. Nf3 Bg7 3. c4 c5 4. d5 d6 5. Nc3 f5 6. g3 Bxc3+ 7. bxc3 Qa5 8. Qb3
Nd7 9. Bg2 Ngf6 10. O-O Nb6 11. Nd2 Bd7 12. Re1 O-O-O 13. Rb1 Ng4 14. h3 Nf6 15.
Kh2 Rhe8 16. e4 e5 17. f3 Nh5 18. Bf1 Rf8 19. Bd3 Rf7 20. Nf1 Qa6 21. Bg5 Rdf8
22. Bh6 Rg8 23. exf5 Bxf5 24. Bxf5+ gxf5 25. g4 fxg4 26. hxg4 Rxf3 27. gxh5 Nxc4
28. Qc2 e4 29. Qe2 Ne5 30. Ne3 Rf6 31. Qxa6 bxa6 32. Re2 Rxh6 33. Kh1 Nf3 0-1

[Event "Tseshkovsky Mem 2014"]
[Site "Sochi RUS"]
[Date "2014.09.23"]
[Round "7.22"]
[White "Shandrygin, Nikita"]
[Black "Yandarbiev, Ruslan"]
[Result "1-0"]
[BlackTitle "IM"]
[WhiteElo "2124"]
[BlackElo "2355"]
[WhiteFideId "24198668"]
[BlackFideId "4115023"]
[EventDate "2014.09.17"]

1. e4 c5 2. Nf3 d6 3. d4 Nf6 4. Nc3 cxd4 5. Nxd4 a6 6. h3 e5 7. Nb3 Be6 8. g4 h6
9. f4 Qc7 10. f5 Bc4 11. Be3 Nbd7 12. Qf3 Rc8 13. a3 b5 14. Bxc4 Qxc4 15. Nd2
Qc6 16. h4 Nb6 17. Bxb6 Qxb6 18. O-O-O a5 19. g5 b4 20. Ncb1 Qc6 21. c3 Nd7 22.
Rdg1 hxg5 23. hxg5 Rxh1 24. Rxh1 Nb6 25. f6 g6 26. Rh8 Qc5 27. Qh3 Nd7 28. Kc2
Rc7 29. Qg3 Qb5 30. Qd3 Qb6 31. Qd5 Qa6 32. Rh7 1-0

[Event "Tseshkovsky Mem 2014"]
[Site "Sochi RUS"]
[Date "2014.09.23"]
[Round "7.23"]
[White "Zakarian, David"]
[Black "Travkina, Anastasia"]
[Result "0-1"]
[WhiteTitle "FM"]
[BlackTitle "WFM"]
[WhiteElo "2400"]
[BlackElo "2208"]
[WhiteFideId "13301276"]
[BlackFideId "24129151"]
[EventDate "2014.09.17"]

1. e4 c5 2. Nf3 d6 3. d4 cxd4 4. Nxd4 Nf6 5. Nc3 Nc6 6. Nb3 g6 7. Be2 Bg7 8. O-O
O-O 9. h3 a6 10. a4 Be6 11. Be3 Rc8 12. f4 Na5 13. Nd4 Bc4 14. Bd3 e5 15. Nde2
d5 16. fxe5 Nxe4 17. Bd4 Nxc3 18. Bxc3 Re8 19. Qe1 Nc6 20. Qf2 Rc7 21. Bxc4 dxc4
22. Rad1 Rd7 23. Rxd7 Qxd7 24. Qc5 Nxe5 25. Bxe5 Rxe5 26. Qxc4 b5 27. axb5 axb5
28. Qd4 Qe7 29. Ng3 Re1 30. Qd3 Qc5+ 31. Kh2 Rxf1 32. Nxf1 Bxb2 33. Ne3 Qe5+ 34.
g3 h5 35. Kg2 Bd4 36. Nf1 Bb6 37. h4 Qc5 38. Kh3 b4 39. g4 Qc8 40. Qe4 hxg4+ 41.
Qxg4 Qc3+ 42. Qg3 Qd4 43. h5 Qf6 44. Kg2 g5 45. Nd2 Qc6+ 46. Kh3 Qd7+ 47. Qg4
Qxd2 48. Qc8+ Bd8 49. Qc6 Qc3+ 0-1

[Event "Tseshkovsky Mem 2014"]
[Site "Sochi RUS"]
[Date "2014.09.23"]
[Round "7.24"]
[White "Mednikov, Gennadiy"]
[Black "Zakharov, Alexander"]
[Result "1-0"]
[BlackTitle "IM"]
[WhiteElo "2117"]
[BlackElo "2352"]
[WhiteFideId "4150775"]
[BlackFideId "4103564"]
[EventDate "2014.09.17"]

1. d4 Nf6 2. Bf4 c5 3. e3 Qb6 4. b3 e6 5. c3 Nc6 6. Nf3 a5 7. a4 Nh5 8. Bg5 h6
9. Bh4 g5 10. Nfd2 Ng7 11. Nc4 Qd8 12. Bg3 d5 13. Ne5 Nxe5 14. Bxe5 f6 15. Bb5+
Kf7 16. Bg3 Bd7 17. O-O Rc8 18. f4 Bxb5 19. axb5 Nf5 20. Bf2 cxd4 21. exd4 gxf4
22. Qh5+ Kg7 23. Qg4+ Kh7 24. Qxf4 Bd6 25. Qf3 Qc7 26. h3 Rhg8 27. Re1 Qd7 28.
Rxa5 Bc7 29. b6 Bxb6 30. Ra2 Bc7 31. Rae2 Ng7 32. Bg3 Bb6 33. Qd3+ f5 34. Be5
Bc7 35. Nd2 Bxe5 36. Rxe5 Qc6 37. R5e3 Qa6 38. Qb1 Rc6 39. Nf3 Rgc8 40. Qb2 Ra8
41. Ne5 Rb6 42. Qf2 Rg8 43. Qh4 f4 44. Qxf4 Nf5 45. Nd7 Nxe3 46. Rxe3 Rxb3 47.
Nf6+ Kg7 48. Rg3+ 1-0

[Event "Tseshkovsky Mem 2014"]
[Site "Sochi RUS"]
[Date "2014.09.23"]
[Round "7.25"]
[White "Nechaev, Oleg"]
[Black "Danielyan, Levon"]
[Result "1/2-1/2"]
[WhiteElo "2329"]
[BlackElo "2082"]
[WhiteFideId "24113409"]
[BlackFideId "24161497"]
[EventDate "2014.09.17"]

1. d4 Nf6 2. c4 e6 3. Nf3 c5 4. d5 b5 5. Bg5 Qa5+ 6. Qd2 Qxd2+ 7. Nbxd2 bxc4 8.
e4 Be7 9. Bxc4 Bb7 10. O-O-O exd5 11. exd5 Nxd5 12. Rhe1 f6 13. Ne4 Nb6 14.
Nxf6+ gxf6 15. Bxf6 Nc6 16. Bb5 O-O 17. Bxe7 Nxe7 18. Rxe7 Bxf3 19. gxf3 Rxf3
20. Bxd7 Rxf2 21. Be6+ Kh8 22. h3 Re2 23. Rd2 Re5 24. a4 a5 25. Rf2 Nd5 26. Bxd5
Rxd5 27. Rff7 Rh5 28. Ra7 Rb8 29. Rf3 c4 30. Rc7 Rh4 31. Kc2 Re4 32. Rf2 Rh4 33.
Rc5 Rxh3 34. Rxc4 Rhb3 35. Kc1 R3b4 36. Rc7 Rxa4 37. Rh2 Rab4 38. Rcxh7+ Kg8 39.
Rh8+ Kf7 40. Rxb8 Rxb8 1/2-1/2

[Event "Tseshkovsky Mem 2014"]
[Site "Sochi RUS"]
[Date "2014.09.23"]
[Round "7.26"]
[White "Bykov, Egor"]
[Black "Strutinskaia, Galina"]
[Result "0-1"]
[BlackTitle "WGM"]
[WhiteElo "2050"]
[BlackElo "2317"]
[WhiteFideId "34115290"]
[BlackFideId "4108558"]
[EventDate "2014.09.17"]

1. d4 Nf6 2. Nf3 b6 3. Bf4 Bb7 4. e3 e6 5. h3 Ne4 6. Nbd2 f5 7. Nxe4 Bxe4 8. Nd2
Bb7 9. Be2 Be7 10. Bf3 d5 11. c3 O-O 12. Bh2 Nd7 13. Be2 Nf6 14. a4 a5 15. O-O
Rc8 16. Qb3 g5 17. f3 Rf7 18. e4 f4 19. exd5 Bxd5 20. Qc2 c5 21. dxc5 Bxc5+ 22.
Kh1 Rd7 23. Rfd1 Qf8 24. Bb5 Rdd8 25. Bd3 Be3 26. Ne4 Bxe4 27. Bxe4 Kg7 28. Bg1
Bxg1 29. Kxg1 Qc5+ 30. Qf2 Nxe4 31. fxe4 Qxf2+ 32. Kxf2 Kf6 33. Kf3 Ke5 34. Kg4
h6 35. Kh5 Kxe4 36. Kxh6 Kf5 37. Rxd8 Rxd8 38. b4 Rh8+ 39. Kg7 Rc8 0-1

[Event "Tseshkovsky Mem 2014"]
[Site "Sochi RUS"]
[Date "2014.09.23"]
[Round "7.27"]
[White "Maksimov, Dmitri"]
[Black "Pushkov, Nikolai"]
[Result "1-0"]
[BlackTitle "GM"]
[WhiteElo "2044"]
[BlackElo "2315"]
[WhiteFideId "24162477"]
[BlackFideId "4117131"]
[EventDate "2014.09.17"]

1. e4 e6 2. d4 d5 3. exd5 exd5 4. c4 Nf6 5. Nc3 Bb4 6. Bd3 dxc4 7. Bxc4 O-O 8.
Ne2 Bf5 9. Bg5 h6 10. Bh4 Nbd7 11. O-O Nb6 12. Bb3 c6 13. h3 Be7 14. Re1 Re8 15.
Ng3 Bg6 16. Re5 Qd7 17. Qe2 Bd8 18. Re1 Rf8 19. Qd2 Qd6 20. Nf5 Bxf5 21. Rxf5
Nh7 22. Bg3 Qd7 23. Qd3 Bf6 24. d5 Rfe8 25. Rd1 c5 26. Bc2 g6 27. Rf3 Kg7 28. d6
Ng5 29. Rxf6 Kxf6 30. h4 Nh7 31. Ne4+ Kg7 32. Qc3+ Kg8 33. Nxc5 Qb5 34. a4 Qc4
35. a5 Qxc3 36. bxc3 Nc4 37. d7 Red8 38. Nxb7 Nf8 39. Nxd8 Rxd8 40. Rd4 1-0

[Event "Tseshkovsky Mem 2014"]
[Site "Sochi RUS"]
[Date "2014.09.23"]
[Round "7.29"]
[White "Kudelya, Igor"]
[Black "Protopopova, Anastasiya"]
[Result "1/2-1/2"]
[WhiteTitle "FM"]
[WhiteElo "2312"]
[BlackElo "2049"]
[WhiteFideId "4177339"]
[BlackFideId "24172073"]
[EventDate "2014.09.17"]

1. e4 e6 2. d4 d5 3. Nd2 Nc6 4. Ngf3 Nf6 5. e5 Nd7 6. Nb3 a5 7. a4 b6 8. Bb5 Na7
9. Be2 c5 10. c3 Nc6 11. h4 Be7 12. Bf4 O-O 13. h5 c4 14. Nbd2 f6 15. exf6 Bxf6
16. g3 e5 17. dxe5 Ndxe5 18. Nxe5 Nxe5 19. Nf3 Re8 20. Bxe5 Bxe5 21. Nxe5 Rxe5
22. O-O Bh3 23. Re1 Qf6 24. f4 Rf8 25. Qd4 Ree8 26. Qxf6 Rxf6 27. Bf3 Rd8 28.
Rad1 Be6 29. Re5 Bf7 30. Bxd5 Kf8 31. Bf3 Rxd1+ 32. Bxd1 Rd6 33. Bf3 Rd2 34. Rb5
Be8 35. Rxb6 Bxa4 36. Rb8+ Ke7 37. Rb7+ Kf8 38. Ra7 Rxb2 39. Rxa5 Bb3 40. Rf5+
Ke8 41. Re5+ Kf8 42. Be4 Bc2 43. Bc6 Bd3 44. Ba4 Ra2 45. Bb5 Rc2 46. Rc5 Rxc3
47. Kf2 Kf7 48. g4 Rc2+ 49. Kg3 Rc1 50. g5 Rg1+ 51. Kf3 Rf1+ 52. Ke3 Rh1 53.
Rc7+ Kf8 54. Kd4 Rxh5 55. Ke5 Rh1 56. Kd6 Re1 57. Bd7 Re7 58. Rc5 g6 59. Be6 Bf5
60. Bd5 Rd7+ 61. Ke5 Kg7 62. Rxc4 Re7+ 63. Kd6 Rd7+ 64. Kc6 h6 65. gxh6+ Kxh6
66. Rc1 Kg7 1/2-1/2

[Event "Tseshkovsky Mem 2014"]
[Site "Sochi RUS"]
[Date "2014.09.23"]
[Round "7.30"]
[White "Dashko, Andrey"]
[Black "Lingur, Zalina"]
[Result "1-0"]
[WhiteElo "2302"]
[BlackElo "2035"]
[WhiteFideId "4131371"]
[BlackFideId "34165670"]
[EventDate "2014.09.17"]

1. e4 c5 2. Nf3 d6 3. d4 cxd4 4. Nxd4 Nf6 5. Nc3 a6 6. Bg5 Nbd7 7. g4 Qa5 8. Qd2
Nxg4 9. Nb3 Qb4 10. a3 Qb6 11. Nd5 Qd8 12. O-O-O Ngf6 13. Qc3 Nxd5 14. exd5 Nf6
15. Bxf6 gxf6 16. Nd4 Bd7 17. Kb1 Rc8 18. Qf3 Qa5 19. Bh3 h5 20. Rhe1 Bxh3 21.
Qxh3 Kd8 22. Re3 Rc4 23. Rb3 Qxd5 24. Rbd3 Qa5 25. Rb3 Qc7 26. Qf3 Kc8 27. Rdd3
Rc5 28. Rb4 a5 29. Rb5 Rxb5 30. Nxb5 Qd7 31. Rc3+ Kb8 32. a4 b6 33. Rc6 Qd8 34.
b4 Rg8 35. bxa5 Rg1+ 36. Ka2 d5 37. Rxb6+ Ka8 38. Qd3 e5 39. Nc7+ Qxc7 40. Qa6+
Qa7 41. Qc8+ Qb8 42. Qxb8# 1-0

[Event "Tseshkovsky Mem 2014"]
[Site "Sochi RUS"]
[Date "2014.09.23"]
[Round "7.31"]
[White "Nedochetov, Mikhail"]
[Black "Popov, Evgeny"]
[Result "1-0"]
[WhiteTitle "IM"]
[WhiteElo "2261"]
[BlackElo "2059"]
[WhiteFideId "4119673"]
[BlackFideId "34109380"]
[EventDate "2014.09.17"]

1. d4 Nf6 2. Nf3 d5 3. c4 c6 4. Nc3 e6 5. Bg5 Be7 6. e3 Nbd7 7. Qc2 O-O 8. Rd1
Re8 9. a3 a5 10. h3 Nf8 11. Bd3 dxc4 12. Bxc4 b5 13. Bd3 Bb7 14. O-O Rc8 15.
Bxf6 Bxf6 16. Ne4 Be7 17. Nc5 Bxc5 18. dxc5 Qe7 19. a4 Red8 20. Nd2 f5 21. Nb3
bxa4 22. Nxa5 Ra8 23. Qxa4 Nd7 24. b4 Nf6 25. Qb3 Nd5 26. Bc4 Qc7 27. Rfe1 Ba6
28. e4 Bxc4 29. Qxc4 fxe4 30. Qxe4 Kh8 31. Qxe6 Nxb4 32. Rxd8+ Qxd8 33. Nxc6
Nxc6 34. Qxc6 h6 35. Qg6 Qd2 36. Re8+ Rxe8 37. Qxe8+ Kh7 38. Qe4+ Kh8 39. c6
Qd1+ 40. Kh2 Qd6+ 41. g3 Qc5 42. Kg2 h5 43. h4 Kg8 44. Qe8+ Kh7 45. Qd7 Qe5 46.
Qd3+ g6 47. Qc4 Qc7 48. Qd5 Kh6 49. Qd2+ 1-0

[Event "Tseshkovsky Mem 2014"]
[Site "Sochi RUS"]
[Date "2014.09.23"]
[Round "7.33"]
[White "Palkovich, Denis"]
[Black "Bimiev, Ahmad"]
[Result "0-1"]
[WhiteTitle "FM"]
[WhiteElo "2150"]
[BlackElo "1998"]
[WhiteFideId "14113260"]
[BlackFideId "24102938"]
[EventDate "2014.09.17"]

1. e4 e5 2. d4 exd4 3. Qxd4 Nc6 4. Qa4 Bc5 5. Nf3 Nf6 6. Nc3 h6 7. Bf4 O-O 8.
Bb5 Ne7 9. O-O c6 10. Bd3 d5 11. exd5 Nexd5 12. Nxd5 Qxd5 13. Rfe1 b5 14. Qb3
Qxb3 15. axb3 Ng4 16. Re2 g5 17. Bd2 f5 18. h3 Nxf2 19. b4 Bb6 20. Be3 Bxe3 21.
Rxe3 f4 22. Bh7+ Kxh7 23. Re7+ Kg8 24. Kxf2 Rd8 25. Rc7 Rd6 26. c3 Be6 27. Nd4
Bc4 28. Re1 Rad8 29. Ree7 Rf6 30. Rxa7 Bd5 31. Rec7 Re8 32. Rd7 Kf8 33. Ra6 Be4
34. Ra1 h5 35. Rh1 Kg8 36. Re1 g4 37. hxg4 hxg4 38. Rc7 g3+ 39. Kf1 Kf8 40. Nb3
Bd5 41. Rxe8+ Kxe8 42. Nd4 Rh6 43. Ne2 0-1

[Event "Tseshkovsky Mem 2014"]
[Site "Sochi RUS"]
[Date "2014.09.23"]
[Round "7.34"]
[White "Puchko, Nikolay"]
[Black "Kalinin, Nikita"]
[Result "0-1"]
[WhiteElo "1885"]
[BlackElo "2149"]
[WhiteFideId "24176214"]
[BlackFideId "24155390"]
[EventDate "2014.09.17"]

1. e4 c5 2. a3 Nc6 3. b4 e5 4. Nf3 cxb4 5. axb4 Bxb4 6. c3 Ba5 7. Bc4 Nge7 8.
Ng5 d5 9. exd5 Nxd5 10. Qf3 Be6 11. Nxe6 fxe6 12. Qh5+ g6 13. Qg4 Qf6 14. Ba3
Qf5 15. Qh4 Bd8 16. Qg3 Bb6 17. O-O O-O-O 18. Re1 e4 19. d3 exd3 20. Bxd3 Bxf2+
21. Qxf2 Qxd3 22. Rxe6 Rhe8 23. Qe1 Ne3 24. Rxe8 Rxe8 25. Nd2 Re5 26. Nf3 Re4
27. Nd2 Re8 28. Bc5 Re5 29. Bxe3 Rxe3 30. Qd1 Qxc3 31. Nf3 Qd3 32. Qa4 Re4 33.
Qa2 Qe3+ 34. Kh1 Re7 35. h3 Qe6 36. Qc2 Qf5 37. Qc4 Qf7 38. Qc2 Kb8 39. Rc1 a6
40. Qd3 Rd7 41. Qe4 Qd5 42. Qe3 Re7 43. Qf4+ Ka7 44. Rf1 Re4 45. Qh2 Qd3 46.
Qg1+ Qe3 47. Qh2 Nd4 48. Re1 Qxe1+ 0-1

[Event "Tseshkovsky Mem 2014"]
[Site "Sochi RUS"]
[Date "2014.09.23"]
[Round "7.35"]
[White "Tsvetkov, Vladimir"]
[Black "Vishnjakova, Svetlana"]
[Result "0-1"]
[BlackTitle "WFM"]
[WhiteElo "1862"]
[BlackElo "2123"]
[WhiteFideId "34149624"]
[BlackFideId "4147219"]
[EventDate "2014.09.17"]

1. e4 d5 2. exd5 Nf6 3. c4 e6 4. dxe6 Bxe6 5. d3 Qe7 6. Be3 Nc6 7. Qa4 O-O-O 8.
Be2 Ng4 9. Nf3 Bf5 10. Kd2 Nxe3 11. fxe3 g5 12. Nc3 g4 13. Nd4 Nxd4 14. exd4
Bh6+ 15. Kc2 a6 16. Rae1 Qe3 17. Ne4 Qxd4 18. Rhf1 Bxe4 19. dxe4 Qxe4+ 20. Kb3
Rd3+ 21. Bxd3 Qxd3+ 0-1

[Event "Tseshkovsky Mem 2014"]
[Site "Sochi RUS"]
[Date "2014.09.23"]
[Round "7.38"]
[White "Borisov, Sergey"]
[Black "Tekeyev, Zaur"]
[Result "0-1"]
[BlackTitle "FM"]
[WhiteElo "2014"]
[BlackElo "2300"]
[WhiteFideId "4169301"]
[BlackFideId "4199731"]
[EventDate "2014.09.17"]

1. Nf3 g6 2. d4 Nf6 3. c4 Bg7 4. Nc3 O-O 5. e4 d6 6. Be2 Nbd7 7. O-O e5 8. Qc2
Nh5 9. Rd1 Nf4 10. Bxf4 exf4 11. e5 dxe5 12. dxe5 c6 13. Qe4 Qe7 14. Qxf4 Nxe5
15. Re1 Re8 16. Qd2 Be6 17. Nxe5 Bxe5 18. Rad1 Qb4 19. Bd3 Qa5 20. Qc2 Rad8 21.
b4 Qc7 22. g3 Bg7 23. c5 Bg4 24. Rxe8+ Rxe8 25. Be2 Bf5 26. Bd3 Be6 27. Ne4 Rd8
28. Nd6 Bf8 29. Ne4 Qe5 30. Rd2 f5 31. Bc4 Rxd2 32. Bxe6+ Qxe6 33. Nxd2 Kg7 34.
Nc4 Qe1+ 35. Kg2 Qxb4 36. Qe2 Qxc5 37. Qb2+ Kg8 38. Ne3 b5 39. Qb3+ Kh8 40. Qe6
Qd6 41. Qe8 a5 42. h4 a4 43. h5 Kg7 44. hxg6 hxg6 45. Qc8 Kf7 46. Kh3 Qe6 47.
Qc7+ Be7 48. Kh2 b4 49. Qf4 b3 50. Qxa4 b2 0-1

[Event "Tseshkovsky Mem 2014"]
[Site "Sochi RUS"]
[Date "2014.09.23"]
[Round "7.39"]
[White "Ermolov, Vasily"]
[Black "Gutkis, Vladimir"]
[Result "0-1"]
[BlackTitle "FM"]
[WhiteElo "1952"]
[BlackElo "2224"]
[WhiteFideId "4150830"]
[BlackFideId "4173325"]
[EventDate "2014.09.17"]

1. Nf3 d5 2. d4 e6 3. c4 c6 4. Nc3 dxc4 5. e3 b5 6. a4 Bb4 7. Bd2 Qe7 8. axb5
Bxc3 9. Bxc3 cxb5 10. d5 Nf6 11. d6 Qb7 12. g3 Bd7 13. Bg2 Bc6 14. O-O Nbd7 15.
Ne1 Bxg2 16. Nxg2 O-O 17. Nf4 b4 18. Bxf6 Nxf6 19. Qd4 Qb5 20. Qd1 a5 21. f3 Qc5
22. Qe2 e5 23. Ng2 Nd5 24. Rfc1 c3 25. bxc3 Nxc3 26. Qd3 Rfd8 0-1

[Event "Tseshkovsky Mem 2014"]
[Site "Sochi RUS"]
[Date "2014.09.23"]
[Round "7.40"]
[White "Salamov, Khetag"]
[Black "Bykova, Anastasia"]
[Result "0-1"]
[BlackTitle "WFM"]
[WhiteElo "1947"]
[BlackElo "2112"]
[WhiteFideId "24178462"]
[BlackFideId "4164970"]
[EventDate "2014.09.17"]

1. e4 c6 2. d4 d5 3. exd5 cxd5 4. Bd3 Nc6 5. c3 Nf6 6. h3 g6 7. Qc2 Bg7 8. Nf3
Qc7 9. O-O O-O 10. b4 a6 11. Nbd2 Ne8 12. Nb3 Nd6 13. Bf4 Qd8 14. a4 Bf5 15. Nc5
Qc8 16. a5 Ne4 17. Rfc1 Nxc5 18. bxc5 Bxd3 19. Qxd3 Rd8 20. Re1 f6 21. Qe3 Re8
22. Qe6+ Qxe6 23. Rxe6 Kf7 24. Ree1 e5 25. Be3 Rad8 26. Reb1 Rd7 27. Kf1 Rc8 28.
Rb6 h6 29. g3 Re8 30. h4 h5 31. Ng1 Ke6 32. Ne2 Kf5 33. Kg2 Bf8 34. Rbb1 Be7 35.
Nc1 exd4 36. cxd4 Bd8 37. Nb3 Re4 38. Rh1 Rh7 39. Nd2 Re8 40. Nb3 Bc7 41. Kf3
Rf8 42. Kg2 g5 43. Kf3 Bd8 44. Bd2 g4+ 45. Kg2 Re8 46. Rae1 Rhe7 47. Re3 Rxe3
48. fxe3 Ke4 49. Kf2 Kd3 50. Rc1 Re7 51. Rc3+ Ke4 52. Rc1 Rf7 53. Be1 Re7 54.
Rd1 Re8 55. Bc3 Bc7 56. Be1 Ne7 57. Bc3 Nf5 58. c6 Bxg3+ 59. Ke2 Nxh4 60. Rf1
Nf3 61. cxb7 h4 62. Nc5+ Kf5 63. Nxa6 h3 64. Nc5 h2 65. a6 Bb8 66. Nd7 Kg5 67.
Rh1 Ba7 68. Bb4 Nxd4+ 69. Kd1 g3 70. exd4 g2 71. Bd2+ Kf5 0-1

[Event "Tseshkovsky Mem 2014"]
[Site "Sochi RUS"]
[Date "2014.09.23"]
[Round "7.41"]
[White "Kirillov, Nikolay"]
[Black "Krapivin, Vladimir"]
[Result "1-0"]
[WhiteElo "2087"]
[BlackElo "1894"]
[WhiteFideId "24133850"]
[BlackFideId "24187232"]
[EventDate "2014.09.17"]

1. d4 Nf6 2. c4 e6 3. a3 b6 4. Nc3 Bb7 5. Bf4 d6 6. e3 Nbd7 7. Nf3 Be7 8. h3 O-O
9. Be2 a6 10. O-O c5 11. Rc1 Re8 12. dxc5 Nxc5 13. Qc2 Rc8 14. Rfd1 Qc7 15. Nd2
e5 16. Bg3 Qb8 17. Bf3 Bxf3 18. Nxf3 Ne6 19. Qd3 Qb7 20. Qe2 Ne4 21. Nd5 Nxg3
22. Nxe7+ Qxe7 23. fxg3 Rc6 24. Rc3 Nc5 25. e4 Ne6 26. Rcd3 Qc7 27. b4 Rxc4 28.
Rxd6 Rc2 29. Qxa6 Qc3 30. Qd3 Qb2 31. Rd2 Rc1+ 32. Kh2 Qa1 33. Rd1 Rxd1 34. Qxd1
Qxa3 35. Rxb6 Qe3 36. Qd7 Rf8 37. Qb7 h5 38. Ra6 g5 39. Qe7 h4 40. Qf6 hxg3+ 41.
Kxg3 Qxe4 42. Qxe5 Qxb4 43. Nxg5 Ng7 44. Kh2 Qc4 45. Rf6 Re8 46. Qf5 Nh5 47. Qf3
Qc7+ 48. Kg1 Qc1+ 49. Kh2 Qxg5 50. Rf5 Qg6 51. Rxh5 Qd6+ 52. Qg3+ Qxg3+ 53. Kxg3
Re4 54. Rg5+ Kh7 55. h4 f6 56. Rg4 Re1 57. Kf4 Rf1+ 58. Ke3 Ra1 59. g3 Ra5 60.
Rd4 Kg6 61. Kf4 Rf5+ 62. Kg4 Re5 63. Rf4 Rc5 64. h5+ Kg7 65. Rf5 Rc4+ 66. Kh3
Rc3 67. Rf4 Kh6 68. Kh4 Kg7 69. Rg4+ Kh7 70. Rb4 Kh6 71. Rb5 Rc4+ 72. Kh3 1-0

[Event "Tseshkovsky Mem 2014"]
[Site "Sochi RUS"]
[Date "2014.09.23"]
[Round "7.42"]
[White "Alchakov, Ratmir"]
[Black "Martynyuk, Elizaveta"]
[Result "1-0"]
[WhiteElo "1938"]
[BlackElo "2083"]
[WhiteFideId "24199699"]
[BlackFideId "24128511"]
[EventDate "2014.09.17"]

1. d4 d5 2. Nf3 Nf6 3. c4 c6 4. e3 e6 5. Nbd2 Nbd7 6. Bd3 dxc4 7. Nxc4 Bb4+ 8.
Bd2 Qe7 9. O-O Bxd2 10. Qxd2 O-O 11. e4 b5 12. Na5 c5 13. e5 Nd5 14. Bxb5 cxd4
15. Bc6 Ba6 16. Bxa8 Rxa8 17. Rfc1 d3 18. Nc6 Qe8 19. Nb4 Nxb4 20. Qxb4 Nb6 21.
Qa5 Bb5 22. Rc5 Bc6 23. Rac1 Bxf3 24. gxf3 h5 25. Qd2 Rd8 26. R5c3 Qb5 27. Rc5
Qd7 28. b3 Qd4 29. Qe3 d2 30. Rd1 Qxe3 31. fxe3 Rd3 32. Rc2 Rxe3 33. Kf2 Rxe5
34. Rdxd2 Rf5 35. Rc7 e5 36. Ke3 a5 37. Rc6 1-0

[Event "Tseshkovsky Mem 2014"]
[Site "Sochi RUS"]
[Date "2014.09.23"]
[Round "7.44"]
[White "Zlydneva, Daria"]
[Black "Airapetian, Eduard"]
[Result "0-1"]
[WhiteElo "1799"]
[BlackElo "2041"]
[WhiteFideId "24102709"]
[BlackFideId "24171786"]
[EventDate "2014.09.17"]

1. d4 c5 2. c3 cxd4 3. cxd4 Nf6 4. Nf3 g6 5. Nc3 Bg7 6. Bf4 a6 7. e3 d6 8. Bd3
O-O 9. h3 b5 10. O-O Bb7 11. a3 Nbd7 12. Bh2 Rc8 13. e4 Nb6 14. Qe2 Nc4 15. Rfe1
Qa5 16. Nd1 d5 17. e5 Ne4 18. Ne3 Qb6 19. Nxd5 Bxd5 20. Bxe4 Bxe4 21. Qxe4 Nxb2
22. Rab1 Na4 23. Rbc1 Nc3 24. Qd3 Nd5 25. Nd2 Qa5 26. Ne4 e6 27. Nd6 Rc7 28. Rf1
Bh6 29. Rxc7 Qxc7 30. f4 f5 31. Kh1 Ra8 32. Qd2 Bf8 33. Rc1 Qd7 34. Rc5 Bxd6 35.
exd6 Qxd6 36. Qc1 Ne7 37. Bg1 Rd8 38. Be3 Kf7 39. g4 Nd5 40. Bd2 Nb6 41. Be3 Nc4
42. Bf2 Qd7 43. gxf5 gxf5 44. Qd1 Kg8 45. Qh5 Rf8 46. d5 Rf6 47. Bd4 Rg6 48. Qf3
exd5 49. Rxd5 Qe8 50. Be5 Qc6 51. Rd8+ Kf7 52. Qxc6 Rxc6 53. Rd7+ Kg6 54. Rg7+
Kh6 55. Re7 Nxe5 56. fxe5 Kg6 57. Kg2 h6 58. Kf3 Rc3+ 59. Kf4 Rc4+ 60. Kf3 Ra4
61. Re6+ Kg5 62. h4+ Kxh4 63. Rxh6+ Kg5 64. Rd6 Rxa3+ 65. Kf2 b4 0-1

[Event "Tseshkovsky Mem 2014"]
[Site "Sochi RUS"]
[Date "2014.09.23"]
[Round "7.45"]
[White "Skripnikov, Velori"]
[Black "Kudrin, Oleg"]
[Result "0-1"]
[WhiteElo "1799"]
[BlackElo "2022"]
[WhiteFideId "24153478"]
[BlackFideId "24132900"]
[EventDate "2014.09.17"]

1. e4 d5 2. exd5 Qxd5 3. Nc3 Qd6 4. d4 Nf6 5. Be2 Nc6 6. Nf3 a6 7. a3 Bg4 8. d5
Ne5 9. Nxe5 Qxe5 10. f3 Bd7 11. f4 Qd6 12. Be3 g6 13. Bf3 Bg7 14. Qe2 h5 15. Qc4
Bf5 16. O-O-O O-O 17. Bc5 Qd7 18. Qb4 b6 19. Bd4 Bh6 20. Bxf6 exf6 21. Kb1 Rab8
22. Rhe1 a5 23. Qd4 b5 24. Ne4 Bxe4 25. Qxe4 b4 26. Re3 Qd6 27. g3 bxa3 28. b3
f5 29. Qe7 Bg7 30. Qxd6 cxd6 31. Ka2 Rfc8 32. Rd2 Bb2 33. Re7 a4 34. bxa4 Bc1
35. Rde2 Kf8 36. Rd7 Rb2+ 37. Ka1 Rcb8 38. c4 Bd2 39. Ree7 Rb1+ 40. Ka2 R8b2+ 0-1